| 000 | 00888cam a2200253 a 4500 | ||
|---|---|---|---|
| 999 |
_c127704 _d127704 |
||
| 001 | 970490 | ||
| 003 | ARRUPE | ||
| 005 | 20180320103449.0 | ||
| 008 | 850826s1985 nyu 000 0 eng | ||
| 010 | _a 85019655 | ||
| 020 |
_a0881410411 (pbk.) : _c$5.95 |
||
| 040 |
_aDLC _cDLC _dDLC |
||
| 050 | 0 | 0 |
_aBV4639 _b.B465 1985 |
| 082 | 0 | 0 |
_a241/.4 _219 |
| 100 | 1 |
_aBerzonsky, Vladimir, _d1936- _940760 |
|
| 245 | 1 | 4 |
_aThe gift of love / _cVladimir Berzonsky. |
| 260 |
_aCrestwood, N.Y. : _bSt. Vladimir's Seminary Press, _c1985. |
||
| 300 |
_a181 p. ; _c22 cm. |
||
| 630 | 0 | 0 |
_aBible. _pSong of Solomon _xMeditations. _940761 |
| 630 | 0 | 0 |
_aBible. _pCorinthians, 1st, XIII _xMeditations. _940762 |
| 650 | 0 |
_aLove _xReligious aspects _xChristianity _xMeditations. _940763 |
|
| 650 | 0 |
_aSpiritual life _xOrthodox Eastern Church. _914448 |
|
| 906 |
_a7 _bcbc _corignew _d1 _eocip _f19 _gy-gencatlg |
||
| 942 |
_2lcc _cMONOGRAPH |
||